000
00322nam a2200121Ia 4500
008
240624s9999 xx 000 0 und d
041
_a
eng
082
_a
658 CAR
100
_a
CARLILE PAUL R
245
_a
REIMAGINING BUSINESS EDUCATION INSIGHTS
260
_c
2016
_a
New Delhi
_b
Emerald
300
_a
xv, : 127 : p. : cm. ; 23
999
_c
28109
_d
28109